Việt Nam 20 năm đổi mới và phát triển 1986 - 2005

Giới thiệu những số liệu thống kê kinh tế xã hội phản ánh động thái 20 năm đổi mới đất nước. Sách được biên soạn bằng thiếng Việt và tiếng Anh. ( Tóm tắt của nhà xuất bản)

Zapisane w:
Opis bibliograficzny
Korporacja: Tổng Cục Thống Kê
Format: Książka
Język:Undetermined
Wydane: Hà Nội Thống kê 2006
Hasła przedmiotowe:
Etykiety: Dodaj etykietę
Nie ma etykietki, Dołącz pierwszą etykiete!
Thư viện lưu trữ: Trung tâm Học liệu Trường Đại học Cần Thơ
LEADER 00907nam a2200205Ia 4500
001 CTU_104076
008 210402s9999 xx 000 0 und d
082 |a 330.9597 
082 |b T455 
110 |a Tổng Cục Thống Kê 
245 0 |a Việt Nam 20 năm đổi mới và phát triển 1986 - 2005 
245 0 |c Tổng Cục Thống Kê 
260 |a Hà Nội 
260 |b Thống kê 
260 |c 2006 
520 |a Giới thiệu những số liệu thống kê kinh tế xã hội phản ánh động thái 20 năm đổi mới đất nước. Sách được biên soạn bằng thiếng Việt và tiếng Anh. ( Tóm tắt của nhà xuất bản) 
650 |a Vietnam 
650 |x Socioeconomic conditions,Developing contries 
904 |i Bằng 
980 |a Trung tâm Học liệu Trường Đại học Cần Thơ